| 000 -ლიდერი |
| ფიქსირებული სიგრძის საკონტროლო ველი |
01138nam a2200217Ia 4500 |
| 001 - საკონტროლო ნომერი |
| საკონტროლო ველი |
4005 |
| 003 - საკონტროლო ნომრის იდენტიფიკატორი |
| საკონტროლო ველი |
GE_BSU |
| 005 - ბოლო ოპერაციის თარიღი და დრო |
| საკონტროლო ველი |
20190827141830.0 |
| 008 - ფიქსირებული სიგრძის მონაცემთა ელემენტები - ზოგადი ინფორმაცია |
| ფიქსირებული სიგრძის საკონტროლო ველი |
181216s1955||||ge |||||||||||||| ||geo|| |
| 040 ## - კატალოგიზაციის წყარო |
| Transcribing agency |
GE_BSU |
| 041 ## - ენის კოდი |
| Language code of text/sound track or separate title |
geo |
| 080 ## - უნივერსალური ათობითი კლასიფიკაციის ინდექსი |
| Universal Decimal Classification number |
34(479.22) ვ–27 |
| 100 ## - მთავარი ჩანაწერი - პიროვნების სახელი |
| Personal name |
ვახტანგ VI |
| 9 (RLIN) |
3803 |
| 245 ## - ცნობა სათაურის შესახებ |
| Title |
სამართლის წიგნი / |
| Statement of responsibility, etc |
ტექსტი გამოსაც. დაამზადა, გამოკვლევა და ტერმინთა საძიებელი დაურთო თინა ენუქიძემ ; საქ. სსრ მეცნ. აკად., ს. ჯანაშიას სახ. სახელმწ. მუზეუმი. |
| 264 ## - წარმოების, გამოცემის, დისტრიბუციის და სხვა ცნობები |
| გამოცემის, წარმოების, დისტრიბუციის... ადგილი |
თბ. : |
| გამოცემის, წარმოების, დისტრიბუციის... სახელწოდება |
საქ. სსრ მეცნ. აკად. გამ-ბა, |
| გამოცემის, წარმოების, დისტრიბუციის... თარიღი |
1955. |
| 300 ## - ფიზიკური აღწერა |
| Extent |
151 გვ. ; |
| Other physical details |
22 სმ. |
| 504 ## - BIBLIOGRAPHY, ETC. NOTE |
| Bibliography, etc |
ბიბლიოგრ. შენიშვნებში. |
| 653 ## - INDEX TERM--UNCONTROLLED |
| Uncontrolled term |
ქართული სამართლის ძეგლები |
| 700 ## - ADDED ENTRY--PERSONAL NAME |
| Personal name |
ენუქიძე, თ. |
| Relator term |
შემდგენელი |
| 9 (RLIN) |
3804 |
| 942 ## - ADDED ENTRY ELEMENTS (KOHA) |
| Koha item type |
წიგნი |
| Source of classification or shelving scheme |
|